Statistics for Playhouse Disney TV Shows

Click here to take the quiz!

General Stats

  • This quiz has been taken 877 times
  • The average score is 5 of 15

Answer Stats

Hint TV Show % Correct
Classic mouse character has a clubhouseMickey Mouse Clubhouse
80%
Friendly bear lives in a big houseBear in the Big Blue House
76%
Woodworking tools talk, walk, and speak spanishHandy Manny
61%
Children learn about music and art with their rocketshipLittle Einsteins
42%
A girl-clown lives in a circus townJoJo's Circus
40%
A bear goes on special missions to help children learn to do simple tasksSpecial Agent Oso
33%
3 otter sibling are named after a sandwichPB&J Otter
28%
4 men dance and sing with their mouse friend in a warehouseImagination Movers
26%
Rip off of 'Thomas the Train'Chuggington
24%
A boy uses imagination to keep his sister busyCharlie and Lola
23%
Robot family lives in geometric worldRolie Polie Olie
22%
A boy solves his problems by learning about animalsStanley
21%
Adventures in a jungle where all the animals have wheelsJungle Junction
19%
A man has sprite friends in his backyardJohnny and the Sprites
16%
Russian nesting dolls learn about local folkHigglytown Heroes
15%

Score Distribution

Percentile by Number Answered

Percent of People with Each Score

Your Score History

You have not taken this quiz